000 00675cam a22002414a 4500
999 _c9791
_d9791
003 OSt
005 20220303124955.0
008 040329s2004 nyua 001 0 eng
020 _a9780071440080
082 0 0 _a694
_222
_bMIL
100 1 _aMiller, Mark R.
245 1 0 _aCarpentry & construction /
_cMark R. Miller, Rex Miller, Glenn E. Baker.
246 3 _aCarpentry and construction
250 _a4th ed.
260 _aNew York :
_bMcGraw-Hill,
_cc2004.
300 _axvi, 696 p. :
_bill. ;
_c28 cm.
500 _aIncludes index.
650 0 _aCarpentry.
650 0 _aHouse construction.
700 1 _aMiller, Rex,
_d1929-
700 1 _aBaker, Glenn E.
942 _2ddc